| 000 | 01287cam a2200313 i 4500 | ||
|---|---|---|---|
| 001 | 18971336 | ||
| 003 | OSt | ||
| 005 | 20250702150842.0 | ||
| 008 | 160211s2013 ii s000 0 eng | ||
| 010 | _a 2015363378 | ||
| 020 | _a9789390680283 | ||
| 025 | _aI-E-2015363378 | ||
| 035 | _a18971336 | ||
| 037 | _bLibrary of Congress -- New Delhi Overseas Office | ||
| 040 |
_aDLC _beng _erda _cDLC _dDLC |
||
| 042 |
_alcode _apcc |
||
| 043 | _aa-ii--- | ||
| 050 | 0 | 0 |
_aDS422.C3 _bA67 2013 |
| 082 |
_a305.5122 _bAMB/A |
||
| 100 |
_aAmbedkar, B R _q(Bhimrao Ramji), _d1891-1956 _eauthor. _91800 |
||
| 245 | 1 | 0 |
_aAnnihilation of caste with reply to Mahatma Gandhi _b/ _cby Dr. B.R. Ambedkar. |
| 246 | 1 |
_iAt head of cover title: _aDr. Babasaheb Ambedkar writings and speeches |
|
| 264 | 1 |
_aJaipur : _bHilltop Publications : _c2023. |
|
| 300 | _a114 pages ; | ||
| 336 |
_atext _btxt _2rdacontent |
||
| 500 | _aspeech prepared for the 1936 annual conference of the Jat-Pat-Todak Mandal of Lahore but not delivered, owing to the cancellation of the conference by the reception committee on the ground that the views expressed in the speech would be unbearable to the conference | ||
| 650 | 0 |
_aCaste _zIndia. |
|
| 942 |
_2ddc _cBK _h305.5122 _iAMB/A _k305.5122 _mAMB/A |
||
| 999 |
_c44602 _d44602 |
||